Wages, grades and scales of pay, dearness allowance, leave and holidays, amenities, and facilities in the engineering industry in West Bengal, (Record no. 66211)

MARC details
000 -LEADER
fixed length control field 00795cam a22002411 4500
001 - CONTROL NUMBER
control field sa 65009433
003 - CONTROL NUMBER IDENTIFIER
control field DLC
005 - DATE AND TIME OF LATEST TRANSACTION
control field 20260227112202.0
008 - FIXED-LENGTH DATA ELEMENTS--GENERAL INFORMATION
fixed length control field 801108s1964 ii 000 0 eng
010 ## - LIBRARY OF CONGRESS CONTROL NUMBER
LC control number sa 65009433
025 ## - OVERSEAS ACQUISITION NUMBER
Overseas acquisition number PL480:I-E-4390
035 ## - SYSTEM CONTROL NUMBER
System control number (OCoLC)6913487
040 ## - CATALOGING SOURCE
Original cataloging agency DLC
Transcribing agency NIC
Modifying agency DLC
042 ## - AUTHENTICATION CODE
Authentication code premarc
050 00 - LIBRARY OF CONGRESS CALL NUMBER
Classification number HD5070.W4
Item number C45 1964
100 1# - MAIN ENTRY--PERSONAL NAME
Personal name Chakrabarti, B.
245 10 - TITLE STATEMENT
Title Wages, grades and scales of pay, dearness allowance, leave and holidays, amenities, and facilities in the engineering industry in West Bengal,
Statement of responsibility, etc. by B. Chakrabarti.
250 ## - EDITION STATEMENT
Edition statement Rev. and enl. ed.
260 ## - PUBLICATION, DISTRIBUTION, ETC.
Place of publication, distribution, etc. Calcutta,
Name of publisher, distributor, etc. Indian Industrial & Commercial Service,
Date of publication, distribution, etc. 1964.
300 ## - PHYSICAL DESCRIPTION
Extent xi, 232 p.
Dimensions 25 cm.
650 #0 - SUBJECT ADDED ENTRY--TOPICAL TERM
Topical term or geographic name entry element Wages
Geographic subdivision India.
650 #0 - SUBJECT ADDED ENTRY--TOPICAL TERM
Topical term or geographic name entry element Cost and standard of living
Geographic subdivision India.

No items available.

Powered by Koha